Flags with Religious Symbols with Exceptions - Statistics

General Stats
  • This quiz has been taken 30 times
  • The average score is 28 of 29
Answer Stats
Picture Hint Answer % Correct
Traditional: Sun of May's features are that of the Inca god Inti Argentina
100%
Buddhism: the orange signifies Tibetan Buddhism Bhutan
100%
Hinduism: the wheel represents Hindu Dharma India
100%
Islam: emblem is for the Five Pillars of Islam forming "Allah", small text lines read "God is Great" Iran
100%
Islam: Arabic writing says "Allahu Akbar" ("God is Great") Iraq
100%
Christianity: colors signify the Catholics, the Protestants, and the peace between them Ireland
100%
Traditional: red circle represents the sun goddess Amaterasu Japan
100%
Traditional: the Aztec legend of Tenochtitlan Mexico
100%
Islam: the pentagram's five points symbolize the five Pillars of Islam Morocco
100%
Hinduism/Buddhism: based on Hindu flags, symbols also represent Hinduism and Buddhism Nepal
100%
Islam: writing is the Shahada, the Muslim creed Saudi Arabia
100%
Buddhism: white half stands for Chinese Buddhism Singapore
100%
Traditional: Taegeuk symbol is associated with Taoism and I Ching trigrams South Korea
100%
Buddhism: four Bodhi tree leaves symbolize four Buddhist metaphysical concepts Sri Lanka
100%
Traditional: rays symbolize the twelve periods of one-twelfth of a day used in Chinese astrology Taiwan
100%
Buddhism: the white stands for Theravada Buddhism Thailand
100%
Traditional: Sun of May's features are that of the Inca god Inti Uruguay
100%
Islam: writing is the Shahada, the Muslim creed Afghanistan
97%
Islam: five points represent the Five Pillars of Islam Bahrain
97%
Buddhism: the saffron color stands for Theravada Buddhism Myanmar
97%
Christianity: crossed keys of Saint Peter and the Papal Tiara Vatican City
97%
Christianity: red symbolizes the maintenance of the Christian faith Armenia
93%
Buddhism/Hinduism: Angkor Wat, a Hindu-Buddhist temple complex Cambodia
93%
Christianity: Dios, Unión, Libertad (God, Union, Liberty in Spanish) El Salvador
93%
Judaism: the layout symbolizes a prayer shawl with a Star of David Israel
93%
Islam: seven-pointed star represents the seven verses of the Quran's first sura Jordan
93%
Traditional: Taijitu symbol of yin and yang is associated with Taoism and traditional shamanism Mongolia
93%
Christianity: includes a bishop's mitre, representing the Latin Catholic bishop of Urgell Andorra
90%
Traditional: stars from traditional belief of seven heavenly mountains with a star shining above each Tajikistan
79%
No matching quizzes found
Score Distribution
Percent of People with Each Score
Percentile by Number Answered
Your Score History
You have not taken this quiz